Parents : (Record no. 6221)
[ view plain ]
| 000 -LEADER | |
|---|---|
| fixed length control field | 00661nam a22001937a 4500 |
| 001 - CONTROL NUMBER | |
| control field | 1952063 |
| 005 - DATE AND TIME OF LATEST TRANSACTION | |
| control field | 20250603150830.0 |
| 008 - FIXED-LENGTH DATA ELEMENTS--GENERAL INFORMATION | |
| fixed length control field | 871224s1988 ilu 000 0 eng |
| 020 ## - INTERNATIONAL STANDARD BOOK NUMBER | |
| International Standard Book Number | 1555131662 |
| 050 00 - LIBRARY OF CONGRESS CALL NUMBER | |
| Classification number | MLCS 89/15422 (B) |
| 100 1# - MAIN ENTRY--PERSONAL NAME | |
| Personal name | Richards, Larry, |
| Dates associated with a name | 1931- |
| 245 10 - TITLE STATEMENT | |
| Title | Parents : |
| Remainder of title | round-the-clock teachers / |
| Statement of responsibility, etc. | Lawrence O. Richards. |
| 260 ## - PUBLICATION, DISTRIBUTION, ETC. | |
| Place of publication, distribution, etc. | Elgin, Ill. : |
| Name of publisher, distributor, etc. | D.C. Cook Pub. Co., |
| Date of publication, distribution, etc. | c1988. |
| 300 ## - PHYSICAL DESCRIPTION | |
| Extent | 112 p. ; |
| Dimensions | 21 cm. |
| 440 #4 - SERIES STATEMENT/ADDED ENTRY--TITLE | |
| Title | The Successful teaching series |
| 500 ## - GENERAL NOTE | |
| General note | "The first edition of this book appeared under the title, You, the parent"--T.p. verso. |
| 700 1# - ADDED ENTRY--PERSONAL NAME | |
| Personal name | Richards, Larry, |
| Dates associated with a name | 1931- |
| Title of a work | You, the parent. |
| 942 ## - ADDED ENTRY ELEMENTS (KOHA) | |
| Source of classification or shelving scheme | Library of Congress Classification |
| Koha item type | Books |
| Suppress in OPAC | No |
| 999 ## - | |
| -- | 6221 |
| -- | 6221 |
| Withdrawn status | Lost status | Source of classification or shelving scheme | Damaged status | Not for loan | Collection | Home library | Current library | Shelving location | Date acquired | Total checkouts | Full call number | Barcode | Date last seen | Copy number | Price effective from | Koha item type |
|---|---|---|---|---|---|---|---|---|---|---|---|---|---|---|---|---|
| Library of Congress Classification | Non-fiction | Undergraduate Library (Christ Temple) | Undergraduate Library (Christ Temple) | General stacks | 06/03/2025 | BV 1590 RIC | ulct00002950 | 06/03/2025 | 1 | 06/03/2025 | Books |